000 00641nam a2200193 4500
999 _c15350
_d15350
008 200610b ||||| |||| 00| 0 eng d
020 _a978-1-909489-42-4 (paperback)
082 _22011
_aDFic
_bD260
100 _aDashner, James
_942184
245 _aThe death cure /
_cJames Dashner.
260 _aUnited Kingdom :
_bThe Chicken House,
_c2013.
300 _a328 pages ;
_c21 cm.
440 _a(Series: Maze runner series ; Book 3)
_942189
650 _aScience Fiction.
_91398
650 _aSurvival -- Juvinile fiction.
_942186
650 _aVirus diseases -- Juvinile fiction.
_942187
365 _b194.00
_cPhp
942 _2ddc
_cDFIC